Southville International School and Colleges
Your cart is empty.
  • Cart
  • Lists
    Public lists Eva Luna New books Lux_list list_1
    Your lists Log in to create your own lists
  • Log in to your account
  • Your cookies
  • Search history
Southville International School and Colleges
  • Advanced search
  • Recent comments
  • Most popular
  • Libraries

Log in to your account

Log in with GOOGLE


If you do not have an external account, but do have a local account, you can still log in:

  1. Home
  2. MARC view: Calamansi trading center to rise in Oriental Mindoro/
Normal view MARC view ISBD view

Calamansi trading center to rise in Oriental Mindoro/ (Record no. 361627)

[ view plain ]
MARC details
000 -LEADER
fixed length control field 00478nam a2200181Ia 4500
008 - FIXED-LENGTH DATA ELEMENTS--GENERAL INFORMATION
fixed length control field 190425s9999 xx 000 0 und d
100 ## - MAIN ENTRY--PERSONAL NAME
Personal name Fernandez, Rudy
245 ## - TITLE STATEMENT
Title Calamansi trading center to rise in Oriental Mindoro/
245 ## - TITLE STATEMENT
Statement of responsibility, etc Rudy Fernandez
260 ## - PUBLICATION, DISTRIBUTION, ETC. (IMPRINT)
Name of publisher, distributor, etc The Philippine Star
260 ## - PUBLICATION, DISTRIBUTION, ETC. (IMPRINT)
Date of publication, distribution, etc 2018
300 ## - PHYSICAL DESCRIPTION
Extent March 25
440 ## - SERIES STATEMENT/ADDED ENTRY--TITLE
Title The Philippine Star
650 ## - SUBJECT ADDED ENTRY--TOPICAL TERM
Topical term or geographic name as entry element calamansi
650 ## - SUBJECT ADDED ENTRY--TOPICAL TERM
Topical term or geographic name as entry element farming
650 ## - SUBJECT ADDED ENTRY--TOPICAL TERM
Topical term or geographic name as entry element Oriental Mindoro
650 ## - SUBJECT ADDED ENTRY--TOPICAL TERM
Topical term or geographic name as entry element trading companies
Holdings
Withdrawn status Lost status Damaged status Home library Current library Date acquired Total Checkouts Date last seen Price effective from Koha item type
          04/25/2019   04/25/2019 04/25/2019 Periodicals

Calamansi trading center to rise in Oriental Mindoro/

APA

Fernandez R., .Calamansi trading center to rise in Oriental Mindoro. : The Philippine Star.

Chicago

Fernandez Rudy, .Calamansi trading center to rise in Oriental Mindoro. : The Philippine Star.

Harvard

Fernandez R., .Calamansi trading center to rise in Oriental Mindoro. : The Philippine Star.

MLA

Fernandez Rudy, .: The Philippine Star. .

  • Place hold
  • Print
  • Cite
  • Add to your cart (remove)
  • Save record
    BIBTEX Dublin Core MARCXML MARC (non-Unicode/MARC-8) MARC (Unicode/UTF-8) MARC (Unicode/UTF-8, Standard) MODS (XML) RIS
  • More searches
    Search for this title in:
    Other Libraries (WorldCat) Other Databases (Google Scholar) Online Stores (Bookfinder.com) Open Library (openlibrary.org)

Exporting to Dublin Core...

SOUTHVILLE LIBRARY

Southville International School and Colleges Library

1281 Tropical Ave. Cor. Luxembourg St., BF Homes International, Las Pinas City

Tel. No. 8256374 / 252358 Loc. 117/146

Powered by Koha